MARC

LEADER 00000nam0a2200000 4500
001 277798
005 20231101235041.0
020 |a RU  |b 86-28057 
035 |a (RuTPU)RU\TPU\book\301075 
090 |a 277798 
100 |a 20141206d1986 k a0rusy5003 ca 
101 0 |a rus 
102 |a RU 
105 |a a g 000zy 
200 1 |a Справочник молодого электромонтера-кабельщика  |f М. Б. Зевин 
205 |a 2-е изд., перераб. и доп. 
210 |a Москва  |c Высшая школа  |d 1986 
215 |a 176 с.  |c ил. 
225 1 |a Профессионально-техническое образование 
606 1 |a Кабели высоковольтные  |2 stltpush  |3 (RuTPU)RU\TPU\subj\13348  |9 39967 
610 1 |a кабельные линии 
610 1 |a конструкции 
610 1 |a эксплуатация 
610 1 |a справочники 
610 1 |a характеристика 
610 1 |a прокладка 
610 1 |a нормы 
610 1 |a правила 
610 1 |a кабельные жилы 
610 1 |a соединения 
675 |a 621.315.2.027(035)  |z rus  |v 4 
700 1 |a Зевин  |b М. Б.  |g Матвей Борисович  |4 070 
801 0 |a RU  |b RuMRKP  |c 19950704  |g psbo 
801 1 |a RU  |b 63413507  |c 20141206 
801 2 |a RU  |b 63413507  |c 20171222  |g RCR 
942 |c BK